MDQL
is popping MORE tags! Check the
thread
!
Quizzes
Events
Quiz Creation
Community
Videos
Private Events
Remove Ads
Sign In
Join for FREE
Feedback
Dark Mode
Quiz Categories
Sports
Geography
Music
Movies
Television
Just For Fun
Miscellaneous
History
Literature
Language
Science
Gaming
Entertainment
Religion
Holiday
For Kids
Quiz Lab
Recent
Popular Today
Quiz Kudos Today
Editor Picks
Curator Picks
Quizzes by...
Day
Popularity
Type
Ratings
Length
Year
Community
Subscriptions
Recent Discussions
Orange Saloon
Badges
Playlists
Quests
Create
Leaderboards
Showdown
Live 5
Trivia Bingo
Activity
Puzzle Library
Sporcle Events
Private Events
Virtual Trivia
Globe League
Become a Host
Pub Owners
SporcleCon
Opinionation
Our Games
Videos
Blog
Mobile Apps
Partnerships
Remove Ads and Go Orange
Feedback
Holiday
Halloween
Christmas
Holiday Songs
April Fools'
Thanksgiving
Valentine's Day
Easter
St Patrick's Day
National Holiday
Religious Holiday
Holiday
Halloween
Christmas
Holiday Songs
April Fools'
Thanksgiving
Valentine's Day
Easter
St Patrick's Day
National Holiday
Religious Holiday
Random Quiz
Search Sporcle
×
Quiz Lab
Quiz Lab
Holiday
Christmas
Select answers by clicking on text or image buttons
Select answers by clicking on text or image buttons
Clickable
Best Score? Go Orange.
All About Santa Christ Stats
Can you name the facts about Santa Christ?
By
RioMadeira
3m
13 Questions
113 Plays
113 Plays
113 Plays
Comments
Comments
Give Quiz Kudos
Give Quiz Kudos
-
- Ratings
hide this ad
Forced Order
Answers have to be entered in order
Answers have to be entered in order
Replay
Link that replays current quiz
Next Quiz
Link to next quiz in quiz playlist
You Got
0%
They Got
Avg Score
69%
Avg Friend Score
Upgrade to see
Score Distribution
Jump to the score distribution portion of the page
Score
0/13
Timer
03:00
0
Plays Today
% Correct
sins
85.8%
fight monsters
77%
Mr. T
77%
sick orphans
76.1%
pancakes
74.3%
surfing
74.3%
shoots lasers
74.3%
curtains
73.5%
Aerosmith
71.7%
bass
68.1%
pancakes
54%
puppies
52.2%
fondue
44.2%
Quiz Playlist
Details
Report
Send in Message
Add To Playlist
Clickable:
Select answers by clicking on text or image buttons
Forced Order:
Answers have to be entered in order
Last Updated: Feb 16, 2017
Quiz Scoreboard
CHALLENGE
Sign Up to Join the Scoreboard
Show All
Scores
Hide
Comments
May contain spoilers
Recently Published
Image Sorting: Flags VI
by Barbecue
Geography
2m
Find the 'City' Movie
by crazypaving
Movies
60s
Colored Red Africa Blitz
by spor1
Geography
45s
More to Explore
Quiz From the Vault
Featured Blog Post
14 Easter Pick-up Lines to Find Eggs With
hide this ad
You Might Also Like...
Tags
Christmas Quiz
Jesus Christ
santa
Santa Claus
Today's Top Quizzes in Holiday
Browse Holiday
hide this ad
Today's Top Quizzes in Christmas
Browse Christmas
Top Contributed Quizzes in Holiday
1
Pick the Easter Eggs hidden in the Garden
2
5-to-1: Holiday Songs
3
April Fools' Zebra Puzzle
4
5-to-1: Thanksgiving
5
New Year’s Party Puzzle
6
Easter Teddy Bears
7
Holidays Spelling Bee
8
Thanksgiving Dinner by Criteria
9
Easter - Did You Know?
10
Picture Click Blitz: Easter
Explore More
Trending Topics
Harry Potter
NBA
Anime
Disney
Kpop
Marvel
Crossword
The Office
NFL
Puzzle
Soccer
Song
Country
Pokémon
WWE
hide this ad
More By:
RioMadeira
Quiz
Plays
Rating
Category
Featured
Created
Two-Word States and State Capitals
66,665
4.49
Geography
Jun 24, 2010
South Parkified Game of Thrones Characters
32,590
4.18
Television
Oct 13, 2014
Wardens of Westeros
21,524
4.16
Literature
Jan 13, 2014
ASOIAF: Birth Orders
10,808
4.21
Literature
May 29, 2016
Human Body Systems by Definition
9,174
4.36
Science
Sep 29, 2016
Go to Creator's Profile
Score Distribution
Quiz Creator Spotlight
RioMadeira
Follow
Send a Message
Quizzes Created
-
Created Quiz Play Count
-
More By This Creator
Popular Quizzes Today
1
Colored Red Africa Blitz
2
Find the US States - No Outlines Minefield
3
Find the 'City' Movie
4
5x2 Blitz: Bands
5
The Countries of the World
6
Find the US States
7
Find the Countries of Europe - No Outlines Minefield
8
US States
More Holiday Quizzes
MLK Is Not Talking About Sporcle
Published
Trending Quizzes
Colored Red Europe Blitz I
Colored Red Europe Blitz II
Colored Red Africa Blitz II
Colored Red Europe Blitz III
Colored Red Africa Blitz III
Recently Updated
How Do You Spell That?
pecheneg
Godzilla Movies
pecheneg
Grab Bag: 4-10 Letters
pecheneg
2024 March Madness Bracket
pecheneg
Famous TV Couples
Peacemaker
Champions League XIs: Real Madrid
pecheneg
Largest US Cities 1790-2010
pecheneg
Rides in Walt Disney World
pecheneg
Most Oscar Losses (Acting)
pecheneg
Beyoncé Albums
pecheneg
Trending Topics
Crossword
Kpop
NBA
Marvel
Anime
Harry Potter
Disney
Song
NFL
The Office
Soccer
Pokémon
WWE
Country
Puzzle
Your Account Isn't Verified!
In order to create a playlist on Sporcle, you need to verify the email address you used during registration. Go to your
Sporcle Settings
to finish the process.
Report this User
Report this user for behavior that violates our
Community Guidelines
.
Details:
Send Report
Go to the Sporcle.com Mobile Site →
Comments